Soil conditions and plant growth

Guardat en:
Dades bibliogràfiques
Autor principal: Russell, Edward Walter (Autor)
Format: Llibre
Idioma:anglès
Publicat: Essex Longman Scientific and Technical 1973
Edició:11a. ed
Matèries:
Etiquetes: Afegir etiqueta
Sense etiquetes, Sigues el primer a etiquetar aquest registre!

MARC

LEADER 00000cam a2200000 a 4500
001 UCE2332
003 CL-VaPUC
008 140619e19730000uk |||||||||||||||||eng|d
020 |a 0582446775 
082 0 4 |a 631.4  |b RUS  |2 21 
100 0 |a Russell, Edward Walter  |e author  |9 574789 
245 1 0 |a Soil conditions and plant growth 
250 |a 11a. ed 
300 |a 991 p 
942 |c BK 
945 |d 20140619 13:53:00  |a dcastane 
260 |a Essex  |b Longman Scientific and Technical  |c 1973 
650 0 |a Ciencias del suelo  |9 358420 
650 7 |a EDAFOLOGIA  |2 CL-VaPUC  |9 574790 
650 0 |a Propiedades del suelo  |9 350106 
583 |a last modification  |c 20140619 13:53:00  |k Rodrigo Vera 
999 |c 355962  |d 355960